00554nam a22001937a 450000500170000001000150001702000260003203500140005803700100007208200140008210000150009624500370011125000060014826000420015427001370019630000180033370000030035176000060035420250325144009.0 aENG-144171 a9789392568022c300.00 aEN-127703 bDBAD  a153.8421 aShridhar R aFollow Your Rainbow cR.Shridhar a1 aChhattisgrahbAditi Publicationc2022 aAditi Publication Opp.New Panchajanya Vidya Mandir, Near Tiranga Chowk, Kushalpur,Raipur, Chhattisgrah,INDIAbRaipurk+91 9425210308 a108p.c20(pb)  b1